Big Fiction/ (Record no. 210668)

MARC details
000 -LEADER
fixed length control field 00543nam a2200181 4500
005 - DATE AND TIME OF LATEST TRANSACTION
control field 20250402151709.0
010 ## - LCCN (DPL NO)
LC control number ENG-144441
020 ## - INTERNATIONAL STANDARD BOOK NUMBER
International Standard Book Number 9789357317030
Terms of availability 799.00
035 ## - SYSTEM CONTROL NUMBER
System control number EN-127973
037 ## - SOURCE OF ACQUISITION
Source of stock number/acquisition DBAD
082 ## - DEWEY DECIMAL CLASSIFICATION NUMBER
Classification number 302.23
100 ## - MAIN ENTRY--PERSONAL NAME
Personal name Sinykin, Dan
245 ## - TITLE STATEMENT
Title Big Fiction/
Statement of responsibility, etc Dan Sinykin
260 ## - PUBLICATION, DISTRIBUTION, ETC. (IMPRINT)
Place of publication, distribution, etc Gurugram
Name of publisher, distributor, etc Hachette Books Publishing
Date of publication, distribution, etc 2023
270 ## - ADDRESS
Address 4th and 5th Floor, Corporate Centre, Plot No.-94, Sector 44,
City Gurugram
Postal code 122003
300 ## - PHYSICAL DESCRIPTION
Extent 503p.
Dimensions 22cm(pb)
942 ## - ADDED ENTRY ELEMENTS (KOHA)
Source of classification or shelving scheme Dewey Decimal Classification
Item type English Books
Classification part 302.23
Call number suffix SIN
Holdings
Withdrawn status Lost status Not for loan Collection code Home library Current library Date acquired Source of acquisition Cost, normal purchase price Full call number Barcode Copy number Cost, replacement price Koha item type
      Non-fiction Sarojini Nagar Sarojini Nagar 02/04/2025 Delivery of Books Act Division 799.00 302.23 SIN EN-127973 1 799.00 English Books

© Delhi Public Library
Hit Counter
free hit counter